Normal view
MARC view
- الاضطرابات الانفعاية - توجية الطلاب- الارشاد النفسي
Entry Topical Term
001 - CONTROL NUMBER
- control field: 62051
003 - CONTROL NUMBER IDENTIFIER
- control field: JO-AjAnu
005 - DATE AND TIME OF LATEST TRANSACTION
- control field: 20230606084133.0
008 - FIXED-LENGTH DATA ELEMENTS
- fixed length control field: 230606|| aca||aabn | a|a d
040 ## - CATALOGING SOURCE
- Original cataloging agency: JO-AjAnu
- Transcribing agency: JO-AjAnu
150 ## - HEADING--TOPICAL TERM
- Topical term or geographic name entry element: الاضطرابات الانفعاية - توجية الطلاب- الارشاد النفسي
670 ## - SOURCE DATA FOUND
- Source citation: Work cat.: (JO-AjAnu)31646: الخطيب، جمال, author 62050, الاضطرابات الانفعالية والسلوكية